000 00719nam a2200241 i 4500
001 C2-0222247
003 PPAK
005 20180728151523.0
008 991218s1994 enka|||| ||||| | eng d
020 _a0582214319
040 _aPPAK
_beng
_cPPAK
_erda
082 0 4 _a690.05
_223
090 0 0 _a690.05
_bTAY
_dG
100 1 _aTaylor, G.D.,
_eauthor
245 1 0 _aMaterial in contruction
264 1 _aHarlow, Esseex :
_bLongman Scientific & Technical ,
_c1994
300 _aviii, 284 pages :
_billustrations ;
_c22 cm
336 _2rdacontent
_atext
337 _2rdamedia
_aunmediated
338 _2rdacarrier
_avolume
650 1 0 _aContruction equipment industry ; Building materials industry
942 _ddc
_cB
999 _c143659
_d143659